Statistics for Numbers in Pictures - FIVE

Click here to take the quiz!

General Stats

  • This quiz has been taken 26 times
  • The average score is 9 of 15

Answer Stats

Answer% Correct
{Jackson} Five
96%
Five and {Dime}
88%
Five a {Day}
84%
{Hawaii} Five O
84%
Five o'Clock {Shadow}
76%
{Maroon} Five
72%
Five {Gold} {Rings}
64%
{Dave} {Clark} Five
56%
{Slaughterhouse} Five
56%
Five {Star} {Hotel}
48%
Five a {Side}
40%
Five {Finger} {Discount}
40%
Five {Pillars} of {Islam}
40%
Big Five {Game}
32%
{Babylon} Five
24%

Score Distribution

Percentile by Number Answered

Percent of People with Each Score

Your Score History

You have not taken this quiz